00000000nam 2200000zi 4500
0019.949906
003CaOODSP
00520250409104755
006m     o  d f      
007cr |n|||||||||
008250408e20160622quca    o    f000 0 fre d
040 |aCaOODSP|bfre|erda|cCaOODSP
043 |an-cn---
0861 |aP24-891/2016F-PDF
24500|aÉvaluation du Portail linguistique du Canada : |brapport final / |cBureau de la vérification et de l'évaluation.
264 1|a[Gatineau, Québec] : |bTravaux publics et services gouvernementaux Canada = Public Works and Government Services Canada, |c22 juin 2016.
300 |a1 ressource en ligne (ii, 47 pages) : |bfigure
336 |atexte|btxt|2rdacontent/fre
337 |ainformatique|bc|2rdamedia/fre
338 |aressource en ligne|bcr|2rdacarrier/fre
500 |aPublié aussi en anglais sous le titre : Evaluation of the Language Portal of Canada : final report.
61016|aCanada. |bTravaux publics et services gouvernementaux Canada|xÉvaluation.
650 6|aBilinguisme|zCanada|xÉvaluation.
650 6|aAide de l'État aux minorités linguistiques|zCanada|xÉvaluation.
7101 |aCanada. |bTravaux publics et services gouvernementaux Canada, |eorganisme de publication.
77508|tEvaluation of the Language Portal of Canada : |w(CaOODSP)9.949907
85640|qPDF|s747 Ko|uhttps://publications.gc.ca/collections/collection_2025/spac-pspc/P24-891-2016-fra.pdf